| 000 | 00972cab a2200253 4500 | ||
|---|---|---|---|
| 001 | ABS58756 | ||
| 008 | 090401t1998 xxu||||| |||| 00| 0 eng d | ||
| 035 | _a(Sirsi) u86511 | ||
| 041 | _aeng | ||
| 100 | _aGuy, C.M. | ||
| 245 | _aControlling new retail spaces: the impress of planning policies in western Europe | ||
| 260 | _c1998 | ||
| 350 | _a0 | ||
| 490 |
_aUrban Studies _v35(5/6) 1998, 953-979(27) |
||
| 520 | _aReviews the development of retail space in western Europe over the past thirty years. Particularly focuses on the growth of out of town developments, and how they have affected more traditional forms of retailing, quoting examples of governmental and social attitudes that effect different patterns in various countries. | ||
| 650 | _aOUT OF TOWN DEVELOPMENT | ||
| 650 | _aPLANNING POLICY | ||
| 650 | _aRETAIL SPACE | ||
| 650 | _aRETAILING | ||
| 650 | _aWESTERN EUROPE | ||
| 690 | _aOVERSEAS-EUROPE | ||
| 942 | _n0 | ||
| 948 | _c01/06/1998 | ||
| 999 |
_c54450 _d54450 |
||